| Tag |
First Indicator |
Second Indicator |
Subfields |
| LEADER |
00000mam a2200000 i 4500 |
| 001 |
in00003470121 |
| 005 |
20151206105121.0 |
| 008 |
761007s1969 cauab b 000 0 eng d |
| 035 |
|
|
|a (OCoLC)ocm02486379
|
| 040 |
|
|
|a GIS
|c GIS
|d OCL
|d UtOrBLW
|
| 090 |
|
|
|a TL789.8.U6
|b S9768 1969
|
| 245 |
0 |
0 |
|a Surveyor Project final report /
|c prepared by the Surveyor Investigator Teams, Scientific Evaluation Advisory Team, and Working Groups.
|
| 264 |
|
1 |
|a Pasadena :
|b Jet Propulsion Laboratory, California Institute of Technology,
|c 1969.
|
| 300 |
|
|
|a 2 volumes in 3 :
|b illustrations, maps (some folded) ;
|c 28 cm.
|
| 336 |
|
|
|a text
|b txt
|2 rdacontent
|
| 337 |
|
|
|a unmediated
|b n
|2 rdamedia
|
| 338 |
|
|
|a volume
|b nc
|2 rdacarrier
|
| 490 |
1 |
|
|a Technical report / California Institute of Technology, Pasadena, Jet Propulsion Laboratory ;
|v 32-1265
|
| 500 |
|
|
|a At head of title: National Aeronautics and Space Administration.
|
| 504 |
|
|
|a Includes bibliographical references.
|
| 505 |
0 |
|
|a pt. 1. Project description and performance (2 v.) -- pt. 2. Science results.
|
| 610 |
2 |
0 |
|a Surveyor Program (U.S.)
|
| 710 |
1 |
|
|a United States.
|b National Aeronautics and Space Administration.
|
| 710 |
2 |
|
|a Jet Propulsion Laboratory (U.S.)
|
| 830 |
|
0 |
|a JPL technical report ;
|v 32-1265.
|
| 999 |
|
|
|a MARS
|
| 999 |
f |
f |
|s 8d5a7d7b-de63-34b4-81a9-741f4a934c89
|i 0b186db2-f26a-3bf7-a9f3-652a3697fe4c
|t 0
|
| 952 |
f |
f |
|p ric
|a Texas A&M University
|b Rellis Campus
|c Joint Library Facility
|d Remote Storage
|t 0
|e TL789.8.U6 S9768 1969
|h Library of Congress classification
|i unmediated -- volume
|k v.2
|m 32060008421865
|
| 998 |
f |
f |
|a TL789.8.U6 S9768 1969
|t 0
|l Remote Storage
|